Secretaría de Educación de Santa Fe de Bogotá: manual
Este manual presenta el plan estratégico de la Secretaría de Educación de Bogotá, la aplicación de su estructura y de su funcionamiento y de su organización por proyectos, en resumen recoge lo esencial de la vida de la SED.
Uloženo v:
| Korporativní autor: | |
|---|---|
| Médium: | Kniha |
| Jazyk: | Spanish |
| Vydáno: |
Bogotá:
Editorial Gente Nueva,
1997
|
| Témata: | |
| On-line přístup: | Enlace del recurso |
| Tagy: |
Přidat tag
Žádné tagy, Buďte první, kdo vytvoří štítek k tomuto záznamu!
|
MARC
| LEADER | 00000nam a2200000 a 4500 | ||
|---|---|---|---|
| 001 | 001203 | ||
| 008 | 030424s1997 ck a fr# #000|0#spa#d | ||
| 041 | 0 | |a spa | |
| 043 | |a s-ck--- | ||
| 082 | 0 | 4 | |a 379.123 |b B535s |
| 110 | 2 | |a Bogotá. |b Alcaldía Mayor. |b Secretaría de Educación Distrital | |
| 245 | |a Secretaría de Educación de Santa Fe de Bogotá: |b manual |c Secretaría de Educación Distrital | ||
| 260 | |a Bogotá: |b Editorial Gente Nueva, |c 1997 | ||
| 300 | |a 267 p.: |b il., tabl. | ||
| 520 | 3 | |a Este manual presenta el plan estratégico de la Secretaría de Educación de Bogotá, la aplicación de su estructura y de su funcionamiento y de su organización por proyectos, en resumen recoge lo esencial de la vida de la SED. | |
| 650 | 1 | 4 | |a PLANIFICACIÓN EDUCACTIVA |z COLOMBIA |
| 650 | 1 | 4 | |a EDUCACIÓN Y ESTADO |
| 999 | |c 3355 |d 3355 | ||
| 856 | |u https://catalogo.idep.edu.co/cgi-bin/koha/opac-detail.pl?biblionumber=3355 |z Enlace del recurso | ||